| 000 | 01354nam0a2200349 4500 | ||
|---|---|---|---|
| 001 | RU\NLR\ONL2\26247 | ||
| 005 | 20260628143302.0 | ||
| 035 | _a(NLR Aleph) 010213202 | ||
| 090 |
_a13739077 _c13739077 |
||
| 100 | _a20130514d1966 d||y0rusy50 ca | ||
| 101 | 0 | _aaze | |
| 102 | _aAZ | ||
| 105 | _aa ||||||||| | ||
| 200 | 1 |
_aEnglish _e8-ҹи синиф үчүн _fР. Барсук, Ф. Сеjидов, Һ. Маhмудов, Р. Гаjыбова |
|
| 205 | _a2-ҹи нәшри | ||
| 210 |
_aБакы _cМаариф _d1966 |
||
| 215 |
_a158 с. _cшәк. _d22 |
||
| 541 | 1 |
_aАнглийский язык _eдля 8-го класса _zrus |
|
| 606 | 1 |
_aАнглийский язык _jУчебные издания для средней школы _9972309 _3RU\NLR\AUTH\6646032 |
|
| 686 | 1 | _aШ143.21-922 | |
| 701 | 1 |
_aБарсук _bР. Ю. _gРевекка Юльевна _4070 |
|
| 701 | 1 |
_aСеидов _bФ. А. _gФикрет Ахмет оглы _4070 |
|
| 701 | 1 |
_aМахмудов _bХ. А. _gХафиз Агабек оглы _4070 |
|
| 701 | 1 |
_aГаибова _bР. А. _gРухсара ханум Алиевна _4070 |
|
| 801 | 0 |
_aRU _bNLR _c20130514 _gPSBO |
|
| 852 | _aNLR | ||
| 852 |
_aNLR _bОНЛ _jАзерб./3-7982 |
||
| 942 | _cBOOK | ||
| 980 | _aONL_RF | ||
| 980 | _aNB | ||